000 00254nam a2200085Ia 4500
008 220120s9999||||xx |||||||||||||| ||und||
100 _aAshwini, C and Moksha, C.S
_912220
245 0 _aECG Acquistion
260 _aCoorg Institute of Technology
_bPonnampet
_c2009
999 _c137806
_d137806